000
00288nam a22001097a 4500
082
_a
954.031
_b
GRE
100
_a
Grey,G.
_9
50694
245
_a
European adventure of northern India, 1785-1849
_c
G.Grey,
526
_a
0
_b
0
_c
0
_d
954_031000000000000_GRE
650
_a
MCE
_9
379
942
_2
ddc
_c
BK
999
_c
553459
_d
553459